LEADER 01242nam a2200277 i 4500 001 000000333321 003 CaOOAMICUS 005 20210330114436.0 008 190410s2018 it u000 u mul u 013 $a209147 020 $a978-88-922-1476-7 040 $aSeMil$bita 041 $aita$agrc 245 00$aSapienza :$bintroduzione, traduzione e commento /$ca cura di Vittoria D'Alario. 260 $aCinisello Balsamo :$bSan Paolo,$c2018. 300 $a262 p. ;$c22 cm. 490 0 $aNuova versione della Bibbia dai testi antichi ;$v33 650 4$aBibbia. Antico testamento. Sapienza - Commentari, studi, critica, interpretazioni.$0(OLS)http://semarc/subject/2660 700 1 $aD'Alario, Vittoria.$0(OLS)http://semarc/name/20595 830 0$aNuova versione della Bibbia dai testi antichi ;$v33.$0(OLS)http://semarc/title/32532 850 $aSeMil 852 $aSeMil$W1$xVenegono$y1$m2XA E 33$j230496$B225436$CSeMilBibl$Z2$F225436 $81 996 $6020$a978-88-922-1476-7$9(OLS)http://semarc/number/287116 996 $6245$aSapienza :$bintroduzione, traduzione e commento$9(OLS)http://semarc/title/422724 996 $6260$aCinisello Balsamo :$bSan Paolo$9(OLS)http://semarc/publisher/30129 LEADER 00986nam a2200265 i 4500 001 000000228106 003 CaOOAMICUS 005 20190530135548.0 008 140318s1986 it u000 u ita u 013 $a207008 020 $a88-10-20546-4 040 $aSeMil$bita 245 10$a1. 264 1$aBologna :$bEDB,$c1986. 300 $a378 p. ;$c24 cm 490 0 $aLettura pastorale della Bibbia ;$v18 773 0 $tComunità legge il Vangelo di Luca.$dBologna : EDB, 1986-1988.$kLettura pastorale della Bibbia $g1$w()29570 830 0$aLettura pastorale della Bibbia ;$v18.$0(OLS)http://semarc/title/557 850 $aSeMil 852 $aSeMil$W1$xVenegono$y1$m2YA W 18$j264265$B178452$CSeMilBibl$Z2$F189670 $81 961 $aOmaggio: Altro 996 $6020$a88-10-20546-4$9(OLS)http://semarc/number/230027 996 $6245$a1$9(OLS)http://semarc/title/6508 996 $6264$aBologna :$bEDB$9(OLS)http://semarc/publisher/29669